| 000 | 01083nam a2200241Ia 4500 | ||
|---|---|---|---|
| 003 | Ost | ||
| 005 | 20260507075802.0 | ||
| 008 | 260507s9999||||xx |||||||||||||| ||und|| | ||
| 020 | _a9789931030997 | ||
| 040 | _cfsecg | ||
| 041 | _aara | ||
| 082 | _a658.4012 | ||
| 100 |
_aخلاصي، رضا _eمؤلف |
||
| 245 | 0 |
_aمروج الإدارة الإستراتيجية / _c رضا خلاصي |
|
| 260 |
_aالجزائر : _bدار هومة للطباعة والنشر والتوزيع, |
||
| 300 |
_a455 صفحة؛ _bإيضاحات ؛ _c22 سم |
||
| 504 | _aبيبليوغرافيا: ص ص.453-455 | ||
| 520 | _aيتناول الاستراتيجية والتخطيط الاستراتيجي، مدخل الإدارة الاستراتيجية، أهمية الإدارة الإستراتيجية للمؤسسات، الاختيار الإستراتيجي، التنفيذ الاستراتيجي، التقييم والرقابة الإستراتيجية. | ||
| 653 | _aالإدارة | ||
| 653 | _aالإستراتيجية | ||
| 653 | _aالتخطيط | ||
| 942 | _cكتاب | ||
| 999 |
_c46308 _d46308 |
||